| 000 | 00000nas##2200000za#4500 |
| 001 | 9.503953 |
| 003 | CaOODSP |
| 005 | 20200804090702 |
| 007 | cr ||||||||||| |
| 008 | 150406c1988||||xxc|| p o||||f| |0fre|d |
| 022 | |a0714-2285 |
| 040 | |aCaOODSP|bfre |
| 043 | |an-cn--- |
| 086 | 1 |aSA2-42F-PDF |
| 110 | 2 |aArchives nationales du Canada. |
| 245 | 10|aGuide des sources généalogiques au Canada |h[ressource électronique] |
| 260 | |aOttawa - Ontario : |bArchives nationales du Canada |cc1988- 2001. |
| 310 | |aIrrégulier |
| 362 | 1 |a1988-14éd. (2001) |
| 691 | 07|aGénéalogie|2gcpds |
| 775 | 08|tTracing your ancestors in Canada |w(CaOODSP)9.507565 |